| 000 | 00750nam a2200253Ii 4500 | ||
|---|---|---|---|
| 003 | JO-AjNU | ||
| 005 | 20240623135855.0 | ||
| 008 | 230605s9999||||xx |||||||||||||| ||und|| | ||
| 017 | _a2002/8749 | ||
| 020 | _a977-01-7812-8 | ||
| 040 |
_aJO-AjNU _bara _erda _cJO-AjNU |
||
| 041 | _aara | ||
| 050 | 1 | 4 | _aPJ7505.4.D8722 2002 |
| 100 | 3 |
_aدرة،أحمد, _eauthor _98618 |
|
| 245 | 0 | 0 | _aأطباء نبغو في الأدب |
| 250 | _aط2 | ||
| 260 |
_aالقاهرة : _bالهيئة المصرية العامة للكتاب، _c2002 |
||
| 300 | _a223ص | ||
| 336 |
_atext _btxt _2rdacontent |
||
| 337 |
_aunmediated _bn _2rdamedia |
||
| 338 |
_avolume _bnc _2rdacarrier |
||
| 650 | 4 |
_aالأدباء العرب-تراجم _98619 |
|
| 942 |
_2lcc _cBK |
||
| 999 |
_c4449 _d4449 |
||